00598 2200181 4500245003400000020002200034250001100056100001600067700001900083650001600102005001900118260003000137041001400167084000800181300002300189500019500212336000900407 aKali KeduacAinun NufushText a978-602-6922-45-8 aCet. 1 aAinun Nufus aLetitia WIjaya aNovel Fiksi a20231002142313 aJakartabRomanciousc2016 aIndonesia a813 a280 hlm. :c19 cm. aPlayboy dan menyebalkan. Itulah pendapat vegya tentang erhol. Berbeda dengan arach yang manis dan penuh perhatian. Akankah pendapat vegya berubah setelah melewati hari harinya bersama erhol? atext